| 000 | 00688 a2200217 4500 | ||
|---|---|---|---|
| 005 | 20260623075528.0 | ||
| 020 | _a8780781768054 | ||
| 050 | 0 | 0 |
_aRG101 _bBER 2007 |
| 100 | 1 |
_aBerek Jonathan S _d1876- _eauthor |
|
| 245 | 1 | 0 |
_aGynecology / _cJonathan S.Berek |
| 250 | _afourteenth edition | ||
| 264 |
_aNew York : _bLippincott, _c2007 |
||
| 300 |
_a1671 pages _billustrations |
||
| 336 |
_atext _btxt _2rdacontent |
||
| 337 |
_aunmediated _bn _2rdamedia |
||
| 338 |
_avolume _bnc _2rdacarrier |
||
| 504 | _aBibliography at end of each chapter. | ||
| 650 | 0 |
_aWomen _xDiseases. |
|
| 942 |
_2lcc _cBK _efourteenth edition _h101 _iBER _kRG |
||
| 999 |
_c12137 _d12137 |
||